Southville International School and Colleges
Your cart is empty.
  • Cart
  • Lists
    Public lists Eva Luna New books Lux_list list_1
    Your lists Log in to create your own lists
  • Log in to your account
  • Your cookies
  • Search history
Southville International School and Colleges
  • Advanced search
  • Recent comments
  • Most popular
  • Libraries

Log in to your account

Log in with GOOGLE


If you do not have an external account, but do have a local account, you can still log in:

  1. Home
  2. MARC view: Animation and effects with Macromedia Flash MX 2004 /
Normal view MARC view ISBD view

Animation and effects with Macromedia Flash MX 2004 / (Record no. 14342)

[ view plain ]
MARC details
000 -LEADER
fixed length control field 01082cam a22003137a 4500
001 - CONTROL NUMBER
control field 13988383
003 - CONTROL NUMBER IDENTIFIER
control field PILC
005 - DATE AND TIME OF LATEST TRANSACTION
control field 20150112093430.0
008 - FIXED-LENGTH DATA ELEMENTS--GENERAL INFORMATION
fixed length control field 050601s2005 caua b 001 0 eng d
010 ## - LIBRARY OF CONGRESS CONTROL NUMBER
LC control number 2005298486
020 ## - INTERNATIONAL STANDARD BOOK NUMBER
International Standard Book Number 032130344X
035 ## - SYSTEM CONTROL NUMBER
System control number (OCoLC)ocm57286239
040 ## - CATALOGING SOURCE
Original cataloging agency PNX
Transcribing agency PNX
Modifying agency IUL
-- IXA
-- DLC
042 ## - AUTHENTICATION CODE
Authentication code lccopycat
050 00 - LIBRARY OF CONGRESS CALL NUMBER
Classification number TR 897.7
Item number .D332 2005
082 00 - DEWEY DECIMAL CLASSIFICATION NUMBER
Classification number CSFr 006.6
Item number D36 2005
100 1# - MAIN ENTRY--PERSONAL NAME
Personal name DeHaan, Jen.
9 (RLIN) 9881
245 10 - TITLE STATEMENT
Title Animation and effects with Macromedia Flash MX 2004 /
Statement of responsibility, etc Jen Dehaan.
260 ## - PUBLICATION, DISTRIBUTION, ETC. (IMPRINT)
Place of publication, distribution, etc Berkeley, Calif. :
Name of publisher, distributor, etc Macromedia Press,
Date of publication, distribution, etc 2005.
300 ## - PHYSICAL DESCRIPTION
Extent 456 pages :
Other physical details illustration ;
Dimensions 23 cm.
Accompanying material 1 CD-ROM (4 3/4 in.)
500 ## - GENERAL NOTE
General note Includes bibliographical references (p. 433-441) and index.
630 00 - SUBJECT ADDED ENTRY--UNIFORM TITLE
Uniform title Flash (Computer file)
9 (RLIN) 9309
650 #0 - SUBJECT ADDED ENTRY--TOPICAL TERM
Topical term or geographic name as entry element Computer animation.
9 (RLIN) 9310
650 #0 - SUBJECT ADDED ENTRY--TOPICAL TERM
Topical term or geographic name as entry element Web sites
General subdivision Design.
9 (RLIN) 9882
906 ## - LOCAL DATA ELEMENT F, LDF (RLIN)
a 7
b cbc
c copycat
d 2
e ncip
f 20
g y-gencatlg
936 ## - OCLC/CONSER MISCELLANEOUS DATA (OCLC); PIECE USED FOR CATALOGING (pre-AACR2) (RLIN)
OCLC control number(s) of parallel record(s) (OCLC); Piece used for cataloging, PUC (RLIN) JAH
942 ## - ADDED ENTRY ELEMENTS (KOHA)
Source of classification or shelving scheme Library of Congress Classification
Koha item type Books
Holdings
Withdrawn status Lost status Source of classification or shelving scheme Damaged status Home library Current library Shelving location Date acquired Total Checkouts Full call number Barcode Date last seen Copy number Price effective from Koha item type
    Library of Congress Classification   Southville International School Affiliated with Foreign Universities Library Southville International School Affiliated with Foreign Universities Library Southville Foreign University Section 08/13/2013   TR 897.7 .D332 2005 SFU1217 05/15/2018 1 08/13/2013 Books

Animation and effects with Macromedia Flash MX 2004 /

APA

DeHaan J., . (2005). Animation and effects with Macromedia Flash MX 2004. Berkeley, Calif: Macromedia Press.

Chicago

DeHaan Jen, . 2005. Animation and effects with Macromedia Flash MX 2004. Berkeley, Calif: Macromedia Press.

Harvard

DeHaan J., . (2005). Animation and effects with Macromedia Flash MX 2004. Berkeley, Calif: Macromedia Press.

MLA

DeHaan Jen, . Animation and effects with Macromedia Flash MX 2004. Berkeley, Calif: Macromedia Press. 2005.

  • Place hold
  • Print
  • Cite
  • Add to your cart (remove)
  • Save record
    BIBTEX Dublin Core MARCXML MARC (non-Unicode/MARC-8) MARC (Unicode/UTF-8) MARC (Unicode/UTF-8, Standard) MODS (XML) RIS
  • More searches
    Search for this title in:
    Other Libraries (WorldCat) Other Databases (Google Scholar) Online Stores (Bookfinder.com) Open Library (openlibrary.org)

Exporting to Dublin Core...

SOUTHVILLE LIBRARY

Southville International School and Colleges Library

1281 Tropical Ave. Cor. Luxembourg St., BF Homes International, Las Pinas City

Tel. No. 8256374 / 252358 Loc. 117/146

Powered by Koha